| 000 | 01046nam0a2200265 4500 | ||
|---|---|---|---|
| 001 | RU\NLR\ONL1\13299 | ||
| 005 | 20250613121636.0 | ||
| 035 | _a(NLR Aleph) 009642043 | ||
| 090 |
_a9550150 _c9550150 |
||
| 100 | _a20080606d1974 |||y0rusy50 ca | ||
| 101 | 0 | _amyv | |
| 102 | _aRU | ||
| 105 | _ac ||||||||| | ||
| 200 | 1 |
_aОд эрямонь увт _eкочказь ёвтнемат ды пьесат _fФ. М. Чесноков _g[сост., ред., вступ. ст. филолог. наукань канд. И. К. Инжеватовонь ды Л. С. Кавтаськинэнь] |
|
| 210 |
_aСаранск _cМорд. кн. изд-вась _d1974 |
||
| 215 |
_a333 с. _cпортр. _d17 |
||
| 541 | 1 |
_aГул нового времени _eизбранное _zrus |
|
| 686 | 1 | _aШ6(2=Морд)7 я44 | |
| 700 | 1 |
_aЧесноков _bФ. М. _gФедор Маркелович _4070 |
|
| 801 | 0 |
_aRU _bNLR _c20080606 _gPSBO |
|
| 852 |
_aNLR _bОНЛ _jМорд.э./2-2337 |
||
| 942 | _cBOOK | ||
| 980 | _aNB | ||